Statistics for Chapter five season 1 guns

Click here to take the quiz!

General Stats

  • This quiz has been taken 23 times
  • The average score is 7 of 11

Answer Stats

Answer% Correct
frenzy auto shotgun
100%
hammer pump shotgun
100%
hyper smg
88%
striker ar
82%
thunderburst smg
82%
nemesis AR
76%
reaper sniper rifle
71%
ranger pistol
53%
grapple blade
41%
ballistic shield
35%
snowball launchers
12%

Score Distribution

Percentile by Number Answered

Percent of People with Each Score

Your Score History

You have not taken this quiz